000
00270nam a2200121Ia 4500
005
20251222144846.0
008
251222s9999||||xx |||||||||||||| ||spa||
082
_a
152.4/H94
100
_a
Hunter, Evan
245
0
_a
Soledad y Angustia
264
_b
Carlat
942
_c
LIB
999
_c
21402
_d
21402